Statistiques concernant Pays consommant le plus d'eau

Cliquez ici pour prendre le quiz!

Statistiques générales

  • Ce quiz a été pris 486 fois
    (392 depuis la dernière actualisation)
  • Le résultat moyen est 9 sur 20

Statistiques - réponses

Consommation
annuelle d'eau
Pays% Correct
73 794Etats-Unis
98%
3444 300Etats-Unis
98%
2598 100Chine
97%
1761 000Inde
93%
1081 450Japon
84%
786 580Mexique
78%
4222 600Indonesie
62%
5183 500Pakistan
55%
693 300Iran
45%
83 707Iran
45%
982 030Vietnam
39%
25 935Chili
35%
885 140Philippines
33%
44 754Ouzbekistan
10%
54 547Tadjikistan
10%
116 281Turkmenistan
10%
103 556Azerbaïdjan
9%
64 281Kirghizistan
9%
93 580Estonie
6%
35 283Guyana
3%

Distribution des résultats

Percentile par nombre de réponses

% des personnes avec chaque résultat

Votre développement - résultats

Vous n’avez pas pris ce quiz depuis la dernière actualisation